000 01654nam a22003130a 4500
001 PT16235
003 AR-LpoUNG
005 20210131232702.0
008 191001s2001||||mx |||||||||||||||||spa d
020 _a9701507266
_c$15.8
040 _aAR-LpoUNG
_bspa
_cAR-LpoUNG
_eaacr
041 _aspa
044 _amx
082 0 _a005.3 74fla
100 1 _aOrós Cabello, José Luis
245 1 0 _aMacromedia flash 5 :
_bcurso práctico
250 _a1§ edición
260 _aMéxico, D. F. :
_bAlfaomega - Ra-Ma,
_c2001.
300 _axxviii, 459 p. :
_bgráfs., il., tbls.
520 _aMas de 100 ejercicios, practicas y ejemplos. El autor ha reunido en ella su experiencia en libros anteriores acerca de software de diseño gráfico, sus asequibles explicaciones poniéndose siempre del lado del lector, y una gran cantidad de ejercicios, prÁcticas y ejemplos para complementar toda la parte teórica. Encontrará completas y detalladas explicaciones comprensibles a todos los niveles. Estructura orientada hacia el avance progresivo en el programa. Múltiples ilustraciones de apoyo a la explicación. Descripción de trucos y detalles que no aparecen en los manuales. Un texto valido para las versiones en castellano y en ingles. 53 ejemplos de apoyo a determinadas figuras del libro, 34 practicas paso a paso para complementar las explicaciones Y 30 ejercicios completos paso a paso para afianzar los conocimientos.
650 4 _aCOMPUTACION
650 4 _aDIAGRAMAS
650 4 _aILUSTRACIONES
650 4 _aINFORMATICA
650 4 _aMATERIAL AUDIOVISUAL
650 4 _aPROGRAMAS DE COMPUTADORAS
905 _a16235
942 _cLIB
999 _c16928
_d16928